Kumpulan puisi remaja : aku orang kampung

Bibliographic Details
Main Author: Wan Noorliza Razali , 1986
Format: Book
Published: Kuala Lumpur : Institut Terjemahan & Buku Malaysia Berhad , 2016
Subjects:

MARC

LEADER 00000cam a2200000 7i4500
001 0000070763
005 20170223.0
008 170222
020 |a 9789674602956 
090 0 0 |a 899.231   |b WAN 
100 0 |a Wan Noorliza Razali ,   |d 1986 
245 1 0 |a Kumpulan puisi remaja :   |b aku orang kampung   |c Wan Noorliza Razali 
260 |a Kuala Lumpur :   |b Institut Terjemahan & Buku Malaysia Berhad ,   |c 2016 
300 |a 47 p. ;   |c 18.3 cm. 
541 0 0 |c Purchased on 2016 
650 0 |a Malay poetry 
999 |a 0001440110   |b Book   |c Adult Collection   |e Cawangan Sri Merlong 
999 |a 0001440111   |b Book   |c Adult Collection   |e Cawangan Batu Pahat 
999 |a 0001440112   |b Book   |c Adult Collection   |e Cawangan Bandar Tenggara 
999 |a 0001440113   |b Book   |c Adult Collection   |e Cawangan Bandar Penawar 
999 |a 0001440114   |b Book   |c Adult Collection   |e Cawangan Pontian 
999 |a 0001440115   |b Book   |c Adult Collection   |e Cawangan Tangkak 
999 |a 0001440116   |b Book   |c Adult Collection   |e Cawangan Tmn. Ungku Tun Aminah 
999 |a 0001440117   |b Book   |c Adult Collection   |e Cawangan Taman Sri Lambak 
999 |a 0001440118   |b Book   |c Adult Collection   |e Cawangan Kota Tinggi 
999 |a 0001440119   |b Book   |c Adult Collection   |e Cawangan Mersing 
999 |a 0001440120   |b Book   |c Adult Collection   |e Cawangan Bukit Gambir 
999 |a 0001440121   |b Book   |c Adult Collection   |e Cawangan Segamat 
999 |a 0001440122   |b Book   |c Adult Collection   |e Cawangan Muar 
999 |a 0001444310   |b Book   |c Adult Collection   |e Perbadanan Perpustakaan Awam Johor 
999 |a 0001444311   |b Book   |c Adult Collection   |e Perbadanan Perpustakaan Awam Johor 
999 |a 0001444312   |b Book   |c Adult Collection   |e Cawangan AEON Kulaijaya 
999 |a 0001444314   |b Book   |c Adult Collection   |e Cawangan Urban Transformation Centre